| Поле | Название | Значение |
| |
Тип записи |
c |
| |
Библиографический уровень |
m |
| 001 |
Контрольный номер |
RU/УОНБ/EK_N/555007769 |
| 005 |
Дата корректировки |
20260417131740.9 |
| 010 |
Индекс ISBN |
__ |
| 9 |
Тираж |
5200 экз. |
| 013 |
Номер (ISMN) |
__ |
| d |
Цена |
90 к. |
| 071 |
Издательские номер (звукозапись и ноты) |
21 |
| a |
Номер, присвоенный агентством |
8997 |
| 100 |
Данные общей обработки |
__ |
| a |
Данные общей обработки |
20170802d1990 u y0rusy0189 ca |
| 101 |
Язык документа |
0_ |
| a |
Язык текста |
rus |
| f |
Язык титульного листа |
rus |
| 102 |
Страна публикации |
__ |
| a |
Страна публикации |
RU |
| 125 |
Кодированные данные звукозаписи и нотных изданий |
__ |
| a |
Форма изложения нотного текста |
z| |
| 128 |
Кодированные данные (звукозаписи-физические характеристики) |
__ |
| a |
Кодированные данные: Музыкальная форма и тональность или лад |
zz |
| c |
Инструменты или голоса, рекомендуемые для солистов (устаревшее) |
tb|| |
| 200 |
Заглавие и сведения об ответственности |
1_ |
| a |
Заглавие |
Вып. 39 |
| f |
Первые сведения об ответственности |
сост. В. Максименко |
| 210 |
Выходные данные |
1_ |
| d |
Дата издания |
1990 |
| 215 |
Физическое описание |
__ |
| a |
Объем |
56 с. |
| 327 |
Примечание о содержании |
11 |
| a |
Примечание о содержании |
Содерж.: Петров А. Осенний марафон : из музыки к кф. "Осенний марафон". - Дога Е. Сонет : для клавесина с оркестром. - Мачавариани А. Караван. - Бадалян Э. Экспромт. - Рехин И. Прелюдия и фуга до минор. - Панин П. Концертино. - Непомнящий А. Вальс. - Максименко В. Прелюдия и фуга. - Чайковский П. Август. Жатва. - Раутаваара Э. Партита. - Кшенек Э. Джонни наигрывает : блюз. - Барриос А. Две пьесы : Самаритана ; Вильянсико. - Родриго Х. Сумерки над Гвадалквивиром : из цикла "Четыре андалузских эстампа". - Кубинский танец / обраб. В. Дубовицкого. - Далекое счастье : парагв. нар. мелодия / обраб. В. Пахомова |
| 461 |
Уровень набора |
_0 |
| 1 |
|
001RU/УОНБ/EK_N/550842244 |
| 1 |
|
200 |
| a |
|
Концертные пьесы |
| b |
|
Ноты |
| e |
|
для шестиструнной гитары |
| v |
|
Вып. 39 |
| 1 |
|
210 |
| a |
|
М. |
| c |
|
Советский композитор |
| d |
|
1990 |
| 464 |
Аналитический уровень |
_0 |
| 1 |
|
2001 |
| a |
|
Осенний марафон |
| e |
|
из музыки к кф. "Осенний марафон" |
| 1 |
|
700 1 |
| a |
|
Петров |
| b |
|
А. |
| 1 |
|
50010 |
| a |
|
Осенний марафон |
| 464 |
Аналитический уровень |
_0 |
| 1 |
|
2001 |
| a |
|
Сонет |
| e |
|
для клавесина с оркестром |
| 1 |
|
700 1 |
| a |
|
Дога |
| b |
|
Е. |
| 464 |
Аналитический уровень |
_0 |
| 1 |
|
2001 |
| a |
|
Караван |
| 1 |
|
700 1 |
| a |
|
Мачавариани |
| b |
|
А. |
| 464 |
Аналитический уровень |
_0 |
| 1 |
|
2001 |
| a |
|
Экспромт |
| 1 |
|
700 1 |
| a |
|
Бадалян |
| b |
|
Э. |
| 464 |
Аналитический уровень |
_0 |
| 1 |
|
2001 |
| a |
|
Прелюдия и фуга до минор |
| 1 |
|
700 1 |
| a |
|
Рехин |
| b |
|
И. |
| 464 |
Аналитический уровень |
_0 |
| 1 |
|
2001 |
| a |
|
Концертино |
| 1 |
|
700 1 |
| a |
|
Панин |
| b |
|
П. |
| 464 |
Аналитический уровень |
_0 |
| 1 |
|
2001 |
| a |
|
Вальс |
| 1 |
|
700 1 |
| a |
|
Непомнящий |
| b |
|
А. |
| 464 |
Аналитический уровень |
_0 |
| 1 |
|
2001 |
| a |
|
Прелюдия и фуга |
| 1 |
|
700 1 |
| a |
|
Максименко |
| b |
|
В. |
| 464 |
Аналитический уровень |
_0 |
| 1 |
|
2001 |
| a |
|
Август |
| a |
|
Жатва |
| 1 |
|
700 1 |
| a |
|
Чайковский |
| b |
|
П. |
| 464 |
Аналитический уровень |
_0 |
| 1 |
|
2001 |
| a |
|
Партита |
| 1 |
|
700 1 |
| a |
|
Раутаваара |
| b |
|
Э. |
| 464 |
Аналитический уровень |
_0 |
| 1 |
|
2001 |
| a |
|
Джонни наигрывает |
| e |
|
блюз |
| 1 |
|
700 1 |
| a |
|
Кшенек |
| b |
|
Э. |
| 464 |
Аналитический уровень |
_0 |
| 1 |
|
2001 |
| a |
|
Самаритана |
| e |
|
пьеса |
| 1 |
|
700 1 |
| a |
|
Барриос |
| b |
|
А. |
| 464 |
Аналитический уровень |
_0 |
| 1 |
|
2001 |
| a |
|
Сумерки над Гвадалквивиром |
| e |
|
из цикла "Четыре андалузских эстампа" |
| 1 |
|
700 1 |
| a |
|
Родриго |
| b |
|
Х. |
| 1 |
|
50010 |
| a |
|
Четыре андалузских эстампа |
| 464 |
Аналитический уровень |
_0 |
| 1 |
|
2001 |
| a |
|
Кубинский танец |
| 1 |
|
702 1 |
| a |
|
Дубовицкий |
| b |
|
В. |
| 464 |
Аналитический уровень |
_0 |
| 1 |
|
2001 |
| a |
|
Далекое счастье |
| e |
|
парагв. нар. мелодия |
| 1 |
|
702 1 |
| a |
|
Пахомов |
| b |
|
В. |
| 464 |
Аналитический уровень |
_0 |
| 1 |
|
2001 |
| a |
|
Вильянсико |
| e |
|
пьеса |
| 1 |
|
700 1 |
| a |
|
Барриос |
| b |
|
А. |
| 464 |
Аналитический уровень |
_0 |
| a |
|
Содерж. : Петров А. Осенний марафон : из музыки к кф. "Осенний марафон" |
| 464 |
Аналитический уровень |
_0 |
| a |
|
Дога Е. Сонет : для клавесина с оркестром |
| 464 |
Аналитический уровень |
_0 |
| a |
|
Мачавариани А. Караван |
| 464 |
Аналитический уровень |
_0 |
| a |
|
Бадалян Э. Экспромт |
| 464 |
Аналитический уровень |
_0 |
| a |
|
Рехин И. Прелюдия и фуга до минор |
| 464 |
Аналитический уровень |
_0 |
| a |
|
Панин П. Концертино |
| 464 |
Аналитический уровень |
_0 |
| a |
|
Непомнящий А. Вальс |
| 464 |
Аналитический уровень |
_0 |
| a |
|
Максименко В. Прелюдия и фуга |
| 464 |
Аналитический уровень |
_0 |
| a |
|
Чайковский П. Август. Жатва |
| 464 |
Аналитический уровень |
_0 |
| a |
|
Раутаваара Э. Партита |
| 464 |
Аналитический уровень |
_0 |
| a |
|
Кшенек Э. Джонни наигрывает : блюз |
| 464 |
Аналитический уровень |
_0 |
| a |
|
Барриос А. Две пьесы : Самаритана ; Вильянсико |
| 464 |
Аналитический уровень |
_0 |
| a |
|
Родриго Х. Сумерки над Гвадалквивиром : из цикла "Четыре андалузских эстампа" |
| 464 |
Аналитический уровень |
_0 |
| a |
|
Кубинский танец / обраб. В. Дубовицкого |
| 464 |
Аналитический уровень |
_0 |
| a |
|
Далекое счастье : парагв. нар. мелодия / обраб. В. Пахомова. |
| 464 |
Аналитический уровень |
_0 |
| a |
|
Содерж. : Петров А. Осенний марафон : из музыки к кф. "Осенний марафон" |
| 464 |
Аналитический уровень |
_0 |
| a |
|
Дога Е. Сонет : для клавесина с оркестром |
| 464 |
Аналитический уровень |
_0 |
| a |
|
Мачавариани А. Караван |
| 464 |
Аналитический уровень |
_0 |
| a |
|
Бадалян Э. Экспромт |
| 464 |
Аналитический уровень |
_0 |
| a |
|
Рехин И. Прелюдия и фуга до минор |
| 464 |
Аналитический уровень |
_0 |
| a |
|
Панин П. Концертино |
| 464 |
Аналитический уровень |
_0 |
| a |
|
Непомнящий А. Вальс |
| 464 |
Аналитический уровень |
_0 |
| a |
|
Максименко В. Прелюдия и фуга |
| 464 |
Аналитический уровень |
_0 |
| a |
|
Чайковский П. Август. Жатва |
| 464 |
Аналитический уровень |
_0 |
| a |
|
Раутаваара Э. Партита |
| 464 |
Аналитический уровень |
_0 |
| a |
|
Кшенек Э. Джонни наигрывает : блюз |
| 464 |
Аналитический уровень |
_0 |
| a |
|
Барриос А. Две пьесы : Самаритана ; Вильянсико |
| 464 |
Аналитический уровень |
_0 |
| a |
|
Родриго Х. Сумерки над Гвадалквивиром : из цикла "Четыре андалузских эстампа" |
| 464 |
Аналитический уровень |
_0 |
| a |
|
Кубинский танец / обраб. В. Дубовицкого |
| 464 |
Аналитический уровень |
_0 |
| a |
|
Далекое счастье : парагв. нар. мелодия / обраб. В. Пахомова. |
| 464 |
Аналитический уровень |
_0 |
| a |
|
Содерж. : Петров А. Осенний марафон : из музыки к кф. "Осенний марафон" |
| 464 |
Аналитический уровень |
_0 |
| a |
|
Дога Е. Сонет : для клавесина с оркестром |
| 464 |
Аналитический уровень |
_0 |
| a |
|
Мачавариани А. Караван |
| 464 |
Аналитический уровень |
_0 |
| a |
|
Бадалян Э. Экспромт |
| 464 |
Аналитический уровень |
_0 |
| a |
|
Рехин И. Прелюдия и фуга до минор |
| 464 |
Аналитический уровень |
_0 |
| a |
|
Панин П. Концертино |
| 464 |
Аналитический уровень |
_0 |
| a |
|
Непомнящий А. Вальс |
| 464 |
Аналитический уровень |
_0 |
| a |
|
Максименко В. Прелюдия и фуга |
| 464 |
Аналитический уровень |
_0 |
| a |
|
Чайковский П. Август. Жатва |
| 464 |
Аналитический уровень |
_0 |
| a |
|
Раутаваара Э. Партита |
| 464 |
Аналитический уровень |
_0 |
| a |
|
Кшенек Э. Джонни наигрывает : блюз |
| 464 |
Аналитический уровень |
_0 |
| a |
|
Барриос А. Две пьесы : Самаритана ; Вильянсико |
| 464 |
Аналитический уровень |
_0 |
| a |
|
Родриго Х. Сумерки над Гвадалквивиром : из цикла "Четыре андалузских эстампа" |
| 464 |
Аналитический уровень |
_0 |
| a |
|
Кубинский танец / обраб. В. Дубовицкого |
| 464 |
Аналитический уровень |
_0 |
| a |
|
Далекое счастье : парагв. нар. мелодия / обраб. В. Пахомова. |
| 512 |
Заглавие обложки |
1_ |
| a |
Заглавие обложки |
Концертные пьесы |
| 606 |
Тематические рубрики |
0_ |
| a |
Основная рубрика |
Гитара шестиструнная |
| x |
Основная подрубрика |
Концертные пьесы |
| 610 |
Ключевые слова |
0_ |
| a |
Ключевые слова |
гитара шестиструнная |
| 610 |
Ключевые слова |
0_ |
| a |
Ключевые слова |
концертные пьесы |
| 686 |
Индексы других классификаций |
__ |
| a |
Классификационный индекс |
85.956.41я43 |
| 2 |
Код системы |
rubbk |
| 702 |
Вторичная интеллектуальная ответственность |
_1 |
| a |
Фамилия |
Максименко |
| b |
Имя (инициалы) |
В. |
| 4 |
Код отношения |
220 |
| 801 |
Источник записи |
_0 |
| a |
Страна |
RU |
| b |
Организация |
Ульяновская ОНБ |
| c |
Дата составления |
20170802 |
| g |
Правила каталогизации |
RCR |
| 801 |
Источник записи |
_1 |
| a |
Страна |
RU |
| b |
Организация |
Ульяновская ОНБ |
| c |
Дата составления |
20170802 |
| g |
Правила каталогизации |
RCR |
| 901 |
Тип документа |
__ |
| t |
Тип документа |
n |
| w |
Контрольный № источника |
RU/УОНБ/EK_N/550842244 |
| 909 |
Создатель записи |
__ |
| a |
Создатель записи |
Лобина Л. И. |
| 910 |
Корректоры записи |
__ |
| a |
Корректор записи |
Васина |
| 938 |
Служебная информация |
__ |
| a |
Имя БД |
noti |
| b |
Имя библиотеки |
УОНБ |
| c |
Имя АИБС |
МАРК-SQL |
| d |
Номер DOC_ID в БД |
16654 |